Le Financement des archives = Financing Archival Services : actes de la vingt-huitième Conférence Internationale de la Table Ronde des Archives, Haarlem, 1991 actes de la vingt-huitième Conférence Internationale de la Table Ronde des Archives, Haarlem, 1991
Descripción Física:
57, 51 p. ; 24 cm
Colección:
CITRA ; 1991
Otros Autores:
Conseil International des Archives
Materias:
Arxius -- Finançament
MARC
| LEADER | 00000nam a2200000Ia 4500 | ||
|---|---|---|---|
| 001 | 12033 | ||
| 008 | 160829s1998 xx 000 0 cat d | ||
| 080 | |a A-1-268 | ||
| 100 | |a Conférence Internationale de la Table Ronde des Archives (28a : 1991 : Haarlem) |9 36734 | ||
| 245 | |a Le Financement des archives = Financing Archival Services : |b actes de la vingt-huitième Conférence Internationale de la Table Ronde des Archives, Haarlem, 1991 | ||
| 260 | |a Dordrecht : |b Conseil International des Archives, |c 1998 | ||
| 300 | |a 57, 51 p. ; |c 24 cm | ||
| 490 | |a CITRA ; 1991 | ||
| 590 | |a Textos en francès i anglès | ||
| 650 | |a Arxius |x Finançament |9 36735 | ||
| 700 | |a Conseil International des Archives |9 27299 | ||
| 901 | |a Arxiu | ||
| 942 | |n 1 | ||
| 952 | |0 0 |1 0 |4 0 |6 A1268 |7 1 |9 47468 |a Arxiu |b Arxiu |d 2016-12-01 |l 0 |o A-1-268 |p 12033 |r 2016-12-01 00:00:00 |w 2016-12-01 |y ARXIU | ||
| 999 | |c 51266 |d 51266 | ||